<?xml version="1.0" encoding="UTF-8"?>
<record
    xmlns:xsi="http://www.w3.org/2001/XMLSchema-instance"
    xsi:schemaLocation="http://www.loc.gov/MARC21/slim http://www.loc.gov/standards/marcxml/schema/MARC21slim.xsd"
    xmlns="http://www.loc.gov/MARC21/slim">

  <leader>04394na  a2200853   4500</leader>
  <datafield tag="952" ind1=" " ind2=" ">
    <subfield code="5">1</subfield>
    <subfield code="a">0001</subfield>
    <subfield code="b">0001</subfield>
    <subfield code="d">2017-01-18</subfield>
    <subfield code="e">2</subfield>
    <subfield code="f"> BRO&#x15E;&#xDC;RLER</subfield>
    <subfield code="l">0</subfield>
    <subfield code="o">BRO&#x15E;&#xDC;R 355</subfield>
    <subfield code="p">011721</subfield>
    <subfield code="r">2017-01-18 00:00:00</subfield>
    <subfield code="t">k.3</subfield>
    <subfield code="w">2017-01-18</subfield>
    <subfield code="y">VIS</subfield>
  </datafield>
  <datafield tag="999" ind1=" " ind2=" ">
    <subfield code="c">9031</subfield>
    <subfield code="d">9031</subfield>
  </datafield>
  <controlfield tag="001">20394</controlfield>
  <controlfield tag="003">MIRAKIL</controlfield>
  <controlfield tag="005">20210112145846.0</controlfield>
  <controlfield tag="008">170118b        tu            000 0      </controlfield>
  <datafield tag="035" ind1=" " ind2=" ">
    <subfield code="a">20394</subfield>
  </datafield>
  <datafield tag="040" ind1=" " ind2=" ">
    <subfield code="a">Milas</subfield>
    <subfield code="b">tur</subfield>
    <subfield code="c">TR-AnCHP</subfield>
  </datafield>
  <datafield tag="041" ind1=" " ind2=" ">
    <subfield code="a">tur</subfield>
  </datafield>
  <datafield tag="082" ind1=" " ind2=" ">
    <subfield code="a">CHP 324.23072</subfield>
    <subfield code="b">C36s 2015</subfield>
  </datafield>
  <datafield tag="090" ind1=" " ind2=" ">
    <subfield code="a">BRO&#x15E;&#xDC;R 355</subfield>
  </datafield>
  <datafield tag="110" ind1=" " ind2=" ">
    <subfield code="a">Cumhuriyet Halk Partisi (CHP)</subfield>
  </datafield>
  <datafield tag="222" ind1=" " ind2=" ">
    <subfield code="a">Se&#xE7;im bildirgeleri</subfield>
  </datafield>
  <datafield tag="245" ind1=" " ind2=" ">
    <subfield code="a">Se&#xE7;im bildirgesi Kas&#x131;m 2015</subfield>
    <subfield code="b">&#xD6;nce T&#xFC;rkiye</subfield>
    <subfield code="c">CHP</subfield>
  </datafield>
  <datafield tag="246" ind1=" " ind2=" ">
    <subfield code="a">&#xD6;nce T&#xFC;rkiye</subfield>
  </datafield>
  <datafield tag="246" ind1=" " ind2=" ">
    <subfield code="a">2015 se&#xE7;im bildirgesi</subfield>
  </datafield>
  <datafield tag="260" ind1=" " ind2=" ">
    <subfield code="a">Ankara</subfield>
    <subfield code="b">CHP</subfield>
    <subfield code="c">2015</subfield>
  </datafield>
  <datafield tag="300" ind1=" " ind2=" ">
    <subfield code="a">226 s.</subfield>
    <subfield code="c">30 sm.</subfield>
  </datafield>
  <datafield tag="440" ind1=" " ind2=" ">
    <subfield code="a">Cumhuriyet Halk Partisi yay&#x131;nlar&#x131;</subfield>
    <subfield code="p">Bildirgeler</subfield>
  </datafield>
  <datafield tag="505" ind1=" " ind2=" ">
    <subfield code="a">Zor zamanlar&#x131;n partisi CHP - &#xD6;zg&#xFC;rl&#xFC;k, hukuk devleti ve demokrasi - &#xDC;reten, i&#x15F; imkan&#x131; sa&#x11F;layan, rekabet&#xE7;i ekonomi ve herkesi kapsayan b&#xFC;y&#xFC;me - Refah seviyesi y&#xFC;ksek bir toplum - Gelece&#x11F;in T&#xFC;rkiyesi: CHP ekonomik program&#x131; ile ilk 20 y&#x131;ll&#x131;k hedefler - Ekonomi y&#xF6;netiminde hukukun &#xFC;st&#xFC;nl&#xFC;&#x11F;&#xFC; ve &#xF6;ng&#xF6;r&#xFC;lebilirlik - Verimlilik ve uluslararas&#x131; rekabet g&#xFC;c&#xFC; - Refah&#x131;n tabana yay&#x131;lmas&#x131;n&#x131; sa&#x11F;layan politikalar - Kazan&#x131;mlar&#x131;n korunmas&#x131;, s&#xFC;rd&#xFC;r&#xFC;lebilirlik -- Tar&#x131;m - Esnaf ve sanatkarlar - Turizm - Enerji - T&#xFC;keticiler - Dayan&#x131;&#x15F;ma ve sosyal adalet - Aile sigortas&#x131; - Adil ve demokratik bir &#xE7;al&#x131;&#x15F;ma d&#xFC;zeni - G&#xFC;&#xE7;l&#xFC; kad&#x131;n, g&#xFC;&#xE7;l&#xFC; toplum - Gen&#xE7;li&#x11F;ini ya&#x15F;ayan gen&#xE7;ler - Gelece&#x11F;e umutla bakan &#xE7;ocuklar - Ya&#x15F;am standard&#x131; y&#xFC;ksek emekliler - Her alanda var olan engelliler - Kimseye muhta&#xE7; olmayan ya&#x15F;l&#x131;lar - Yurtta&#x15F; i&#xE7;in nitelikli kamu hizmeti - Kamu y&#xF6;netimi reformu - E&#x11F;itim - Her yurtta&#x15F; i&#xE7;in kaliteli ve &#xFC;cretsiz sa&#x11F;l&#x131;k hizmetleri - K&#xFC;lt&#xFC;r ve sanat - Spor - G&#xFC;&#xE7;l&#xFC; ula&#x15F;t&#x131;rma yap&#x131;s&#x131; - G&#xFC;venlik - Do&#x11F;a ve kent hakk&#x131; - Do&#x11F;a dostu bir toplumsal ya&#x15F;am - Ya&#x15F;am kalitesi y&#xFC;ksek kentler - Yerel y&#xF6;netimler - B&#xF6;lgesel geli&#x15F;me - Yurtta&#x15F; ve de&#x11F;er temelli d&#x131;&#x15F; politika - Bilgi toplumuna do&#x11F;ru</subfield>
  </datafield>
  <datafield tag="610" ind1=" " ind2=" ">
    <subfield code="a">Cumhuriyet Halk Partisi (CHP)</subfield>
    <subfield code="x">Se&#xE7;im bildirgeleri, 2015</subfield>
  </datafield>
  <datafield tag="610" ind1=" " ind2=" ">
    <subfield code="a">Cumhuriyet Halk Partisi (CHP)</subfield>
    <subfield code="x">Se&#xE7;im kampanyalar&#x131;, 2015</subfield>
    <subfield code="y">Se&#xE7;im bildirgeleri</subfield>
  </datafield>
  <datafield tag="610" ind1=" " ind2=" ">
    <subfield code="a">CHP</subfield>
    <subfield code="x">Propaganda ve ideolojiler</subfield>
    <subfield code="y">Bildirgeler</subfield>
  </datafield>
  <datafield tag="651" ind1=" " ind2=" ">
    <subfield code="a">T&#xFC;rkiye</subfield>
    <subfield code="x">Siyaset ve y&#xF6;netim</subfield>
    <subfield code="y">2015-</subfield>
  </datafield>
  <datafield tag="740" ind1=" " ind2=" ">
    <subfield code="a">CHP 2015 se&#xE7;im bildirgesi</subfield>
  </datafield>
  <datafield tag="740" ind1=" " ind2=" ">
    <subfield code="a">Cumhuriyet Halk Partisi se&#xE7;im bildirgesi</subfield>
  </datafield>
  <datafield tag="740" ind1=" " ind2=" ">
    <subfield code="a">Zor zamanlar&#x131;n partisi CHP</subfield>
  </datafield>
  <datafield tag="740" ind1=" " ind2=" ">
    <subfield code="a">&#xD6;zg&#xFC;rl&#xFC;k, hukuk devleti ve demokrasi </subfield>
  </datafield>
  <datafield tag="740" ind1=" " ind2=" ">
    <subfield code="a">Tar&#x131;m</subfield>
  </datafield>
  <datafield tag="740" ind1=" " ind2=" ">
    <subfield code="a">Esnaf ve sanatkarlar</subfield>
  </datafield>
  <datafield tag="740" ind1=" " ind2=" ">
    <subfield code="a">Turizm</subfield>
  </datafield>
  <datafield tag="740" ind1=" " ind2=" ">
    <subfield code="a">Enerji</subfield>
  </datafield>
  <datafield tag="740" ind1=" " ind2=" ">
    <subfield code="a">T&#xFC;keticiler</subfield>
  </datafield>
  <datafield tag="740" ind1=" " ind2=" ">
    <subfield code="a">Dayan&#x131;&#x15F;ma ve sosyal adalet</subfield>
  </datafield>
  <datafield tag="740" ind1=" " ind2=" ">
    <subfield code="a">Aile sigortas&#x131;</subfield>
  </datafield>
  <datafield tag="740" ind1=" " ind2=" ">
    <subfield code="a">Adil ve demokratik bir &#xE7;al&#x131;&#x15F;ma d&#xFC;zeni</subfield>
  </datafield>
  <datafield tag="740" ind1=" " ind2=" ">
    <subfield code="a">G&#xFC;&#xE7;l&#xFC; kad&#x131;n, g&#xFC;&#xE7;l&#xFC; toplum </subfield>
  </datafield>
  <datafield tag="740" ind1=" " ind2=" ">
    <subfield code="a">Gen&#xE7;li&#x11F;ini ya&#x15F;ayan gen&#xE7;ler </subfield>
  </datafield>
  <datafield tag="740" ind1=" " ind2=" ">
    <subfield code="a">Gelece&#x11F;e umutla bakan &#xE7;ocuklar</subfield>
  </datafield>
  <datafield tag="740" ind1=" " ind2=" ">
    <subfield code="a">Ya&#x15F;am standard&#x131; y&#xFC;ksek emekliler</subfield>
  </datafield>
  <datafield tag="740" ind1=" " ind2=" ">
    <subfield code="a">Her alanda var olan engelliler</subfield>
  </datafield>
  <datafield tag="740" ind1=" " ind2=" ">
    <subfield code="a">Kimseye muhta&#xE7; olmayan ya&#x15F;l&#x131;lar</subfield>
  </datafield>
  <datafield tag="740" ind1=" " ind2=" ">
    <subfield code="a">Yurtta&#x15F; i&#xE7;in nitelikli kamu hizmeti</subfield>
  </datafield>
  <datafield tag="740" ind1=" " ind2=" ">
    <subfield code="a">Kamu y&#xF6;netimi reformu</subfield>
  </datafield>
  <datafield tag="740" ind1=" " ind2=" ">
    <subfield code="a">E&#x11F;itim</subfield>
  </datafield>
  <datafield tag="740" ind1=" " ind2=" ">
    <subfield code="a">Her yurtta&#x15F; i&#xE7;in kaliteli ve &#xFC;cretsiz sa&#x11F;l&#x131;k hizmetleri</subfield>
  </datafield>
  <datafield tag="740" ind1=" " ind2=" ">
    <subfield code="a">K&#xFC;lt&#xFC;r ve sanat</subfield>
  </datafield>
  <datafield tag="740" ind1=" " ind2=" ">
    <subfield code="a">Spor</subfield>
  </datafield>
  <datafield tag="740" ind1=" " ind2=" ">
    <subfield code="a">G&#xFC;&#xE7;l&#xFC; ula&#x15F;t&#x131;rma yap&#x131;s&#x131;</subfield>
  </datafield>
  <datafield tag="740" ind1=" " ind2=" ">
    <subfield code="a">G&#xFC;venlik</subfield>
  </datafield>
  <datafield tag="740" ind1=" " ind2=" ">
    <subfield code="a">Do&#x11F;a ve kent hakk&#x131;</subfield>
  </datafield>
  <datafield tag="740" ind1=" " ind2=" ">
    <subfield code="a">Do&#x11F;a dostu bir toplumsal ya&#x15F;am</subfield>
  </datafield>
  <datafield tag="740" ind1=" " ind2=" ">
    <subfield code="a">Ya&#x15F;am kalitesi y&#xFC;ksek kentler</subfield>
  </datafield>
  <datafield tag="740" ind1=" " ind2=" ">
    <subfield code="a">Yerel y&#xF6;netimler</subfield>
  </datafield>
  <datafield tag="740" ind1=" " ind2=" ">
    <subfield code="a">B&#xF6;lgesel geli&#x15F;me</subfield>
  </datafield>
  <datafield tag="740" ind1=" " ind2=" ">
    <subfield code="a">Yurtta&#x15F; ve de&#x11F;er temelli d&#x131;&#x15F; politika</subfield>
  </datafield>
  <datafield tag="740" ind1=" " ind2=" ">
    <subfield code="a">Bilgi toplumuna do&#x11F;ru</subfield>
  </datafield>
  <datafield tag="740" ind1=" " ind2=" ">
    <subfield code="a">&#xD6;nce T&#xFC;rkiye</subfield>
  </datafield>
  <datafield tag="740" ind1=" " ind2=" ">
    <subfield code="a">&#xDC;reten, i&#x15F; imkan&#x131; sa&#x11F;layan, rekabet&#xE7;i ekonomi ve herkesi kapsayan b&#xFC;y&#xFC;me</subfield>
  </datafield>
  <datafield tag="740" ind1=" " ind2=" ">
    <subfield code="a">Refah seviyesi y&#xFC;ksek bir toplum </subfield>
  </datafield>
  <datafield tag="740" ind1=" " ind2=" ">
    <subfield code="a">Gelece&#x11F;in T&#xFC;rkiyesi: CHP ekonomik program&#x131; ile ilk 20 y&#x131;ll&#x131;k hedefler </subfield>
  </datafield>
  <datafield tag="740" ind1=" " ind2=" ">
    <subfield code="a">Ekonomi y&#xF6;netiminde hukukun &#xFC;st&#xFC;nl&#xFC;&#x11F;&#xFC; ve &#xF6;ng&#xF6;r&#xFC;lebilirlik</subfield>
  </datafield>
  <datafield tag="740" ind1=" " ind2=" ">
    <subfield code="a">Verimlilik ve uluslararas&#x131; rekabet g&#xFC;c&#xFC; </subfield>
  </datafield>
  <datafield tag="740" ind1=" " ind2=" ">
    <subfield code="a">Refah&#x131;n tabana yay&#x131;lmas&#x131;n&#x131; sa&#x11F;layan politikalar </subfield>
  </datafield>
  <datafield tag="740" ind1=" " ind2=" ">
    <subfield code="a">Kazan&#x131;mlar&#x131;n korunmas&#x131;, s&#xFC;rd&#xFC;r&#xFC;lebilirlik </subfield>
  </datafield>
  <datafield tag="830" ind1=" " ind2=" ">
    <subfield code="a">CHP bildirgeleri</subfield>
  </datafield>
  <datafield tag="942" ind1=" " ind2=" ">
    <subfield code="2">ddc</subfield>
    <subfield code="c">BKS</subfield>
  </datafield>
  <datafield tag="999" ind1=" " ind2=" ">
    <subfield code="d">9031</subfield>
  </datafield>
</record>
